<?xml version="1.0" encoding="UTF-8"?>
<collection xmlns="http://www.loc.gov/MARC21/slim">
 <record>
  <leader>00523nam a22001695a 4500</leader>
  <controlfield tag="001">EHU.bham051099</controlfield>
  <controlfield tag="008">221025s2022####ag############000#0#spa#d</controlfield>
  <controlfield tag="005">20230601072406.0</controlfield>
  <datafield tag="245" ind1="0" ind2="0">
   <subfield code="a">Éste es el mar /</subfield>
   <subfield code="c">Mariana Enriquez.</subfield>
  </datafield>
  <datafield tag="260" ind1=" " ind2=" ">
   <subfield code="a">CABA :</subfield>
   <subfield code="b">Literatura Random House,</subfield>
   <subfield code="c">2022.</subfield>
  </datafield>
  <datafield tag="300" ind1=" " ind2=" ">
   <subfield code="a">128 p.</subfield>
  </datafield>
  <datafield tag="020" ind1=" " ind2=" ">
   <subfield code="a">9789873987564</subfield>
  </datafield>
  <datafield tag="100" ind1="1" ind2=" ">
   <subfield code="a">Enriquez, Mariana.</subfield>
  </datafield>
  <datafield tag="082" ind1="9" ind2="8">
   <subfield code="a">A863.5 En59-3</subfield>
  </datafield>
  <datafield tag="653" ind1=" " ind2=" ">
   <subfield code="a">Literatura argentina-2000-</subfield>
  </datafield>
  <datafield tag="653" ind1=" " ind2=" ">
   <subfield code="a">Narrativa argentina-2000-</subfield>
  </datafield>
  <datafield tag="859" ind1=" " ind2=" ">
   <subfield code="a">AR-BHAM</subfield>
   <subfield code="b">BIB. HUMANIDADES - General</subfield>
   <subfield code="h">A863.5</subfield>
   <subfield code="i">En59-3</subfield>
   <subfield code="p">498.22</subfield>
  </datafield>
 </record>
</collection>
